00211nam a2200073Ia 4500008004100000082001500041100001300056245006800069240331s9999 xx 000 0 und d a303.6bEME aLogo. ed 4aThe Emerging Peace Process and the Ethnic Question in Sri Lanka